000 00675nam a22001457a 4500
003 OSt
005 20160922153723.0
008 160922b xxu||||| |||| 00| 0 eng d
040 _cRUA
082 _aMGR NEA 2004 B388 Or.
100 _910637
_aNEANG SOKHORN; នាង សុឃន
245 _aEffect of fermented rice bran on growth rate of chicken and faecal indigenous microflora; ឥទ្ធិពលល្បើងកន្ទក់ លើការលូតលាស់របស់មាន់សាច់ និងវត្តមាន មីក្រូសារពាង្គកាយក្នុងលាមក
300 _a61p.
_bill.
_c29cm.
942 _2ddc
_cNRM
999 _c10230
_d10230